| 000 | 01079cam a2200289 a 4500 | ||
|---|---|---|---|
| 001 | 3999127 | ||
| 005 | 20151028111709.0 | ||
| 008 | 960723s1996 nyu b 001 0 eng | ||
| 010 | _a 96033260 | ||
| 020 | _a080901596X (paper : alk. paper) | ||
| 040 |
_aDLC _cDLC _dDLC |
||
| 043 | _an-us--- | ||
| 050 | 0 | 0 |
_aE446 _b.S83 1996 |
| 082 | 0 | 0 |
_a326 _220 |
| 100 | 1 |
_aStewart, James Brewer. _920618 |
|
| 245 | 1 | 0 |
_aHoly warriors : _bthe abolitionists and American slavery / _cJames Brewer Stewart ; consulting editor, Eric Foner. |
| 250 | _aRev. ed. | ||
| 260 |
_aNew York : _bHill and Wang, _c1996. |
||
| 300 |
_a244 p. ; _c21 cm. |
||
| 504 | _aIncludes bibliographical references and index. | ||
| 650 | 0 |
_aAntislavery movements _zUnited States. _920619 |
|
| 700 | 1 |
_aFoner, Eric, _d1943- _917774 |
|
| 856 | 4 | 2 |
_3Publisher description _uhttp://www.loc.gov/catdir/description/hol055/96033260.html |
| 906 |
_a7 _bcbc _corignew _d1 _eocip _f19 _gy-gencatlg |
||
| 942 |
_2lcc _cMONOGRAPH |
||
| 999 |
_c123637 _d123637 |
||